• 首页
  • 本馆介绍
  • 公告通知
  • 最新文献
  • 馆藏检索
  • 电子资源
  • 读者导购
  • 参考咨询
  • 我的图书馆
  • 登录
  • 详细信息显示
  • 放入我的书架
  • 预约/预借图书
  • 作者相关作品
  • 分类相关作品
  • 丛书相关作品
  • 出版社相关作品

书目信息

  • 表格格式
  • 工作单格式
  • 卡片格式
题名:
你所羡慕的成功都是有备而来
    
 
作者: 王国军 著
分册:  
出版信息: 哈尔滨   哈尔滨出版社  2017
页数: 275页
开本: 21cm
丛书名:
单 册:
中图分类: B848.4-49
科图分类:
主题词: 成功心理--通俗读物
电子资源:
ISBN: 978-7-5484-3461-0
000 01085nam0 2200229 450
001 1365
005 20180522111333.23
010    @a978-7-5484-3461-0@dCNY38.00
100    @a20170905d2017 em y0chiy50 ea
101 0  @achi
102    @aCN@b230000
105    @ay z 000yy
200 1  @a你所羡慕的成功都是有备而来@9ni suo xian mu de cheng gong dou shi you bei er lai@f王国军著
210    @a哈尔滨@c哈尔滨出版社@d2017
215    @a275页@d21cm
314    @a王国军,《读者》《青年文摘》《意林》《文苑》等签约作家,非常受青少年和都市白领追捧, 被粉丝们尊称为“情感心灵导师”。代表作有《四毫米的勇气》《你的青春有几天》《成功密码:人生是场修行》等多部畅销书。
330    @a本书共分为7大章,110余篇故事,有大人物的成功故事:拳击冠军皱市明、主持界“超哥”汪涵、影视巨星史泰龙、足球王子贝克汉姆……也有小人物的平凡感动:地震了仍坚持手术的陈锋医生、83岁老人圆校园读书梦、始终微笑着的补鞋父亲、灾难面前不畏惧的重庆导游陈敏……
606 0  @a成功心理@j通俗读物
690    @aB848.4-49@v5
701  0 @a王国军@9wang guo jun@4著
801  0 @aCN@b91MARC@c20170905
905    @aMuseLib@dB848.4@e2061
    
    你所羡慕的成功都是有备而来/王国军著.-哈尔滨:哈尔滨出版社,2017
    275页;21cm
    
    
    ISBN 978-7-5484-3461-0:CNY38.00
    本书共分为7大章,110余篇故事,有大人物的成功故事:拳击冠军皱市明、主持界“超哥”汪涵、影视巨星史泰龙、足球王子贝克汉姆……也有小人物的平凡感动:地震了仍坚持手术的陈锋医生、83岁老人圆校园读书梦、始终微笑着的补鞋父亲、灾难面前不畏惧的重庆导游陈敏……
●
相关链接 在E读中查询图书 在五车中查询图书 在当当中查询图书 在豆瓣中查询图书


正题名:你所羡慕的成功都是有备而来     索取号:B848.4/2061         预约/预借

序号 登录号 条形码 馆藏地/架位号 状态 备注
1 1060712   210607128   第一样本阅览室/ [索取号:B848.4/2061] 在馆    
2 1060713   210607137   第一借阅区/ [索取号:B848.4/2061] 在馆    
3 1060714   210607146   第一借阅区/ [索取号:B848.4/2061] 在馆    
4 1060715   210607155   第一借阅区/ [索取号:B848.4/2061] 在馆    
5 1060716   210607164   密集书库-马院/ [索取号:B848.4/2061] 在馆    
6 1060717   210607173   第一借阅区/ [索取号:B848.4/2061] 在馆    
7 1104090   211040906   第一借阅区/ [索取号:B848.4/2061] 在馆    
8 1104091   211040915   教育系资料室/ [索取号:B848.4/2061] 在馆    
9 1104092   211040924   教育系资料室/ [索取号:B848.4/2061] 在馆    
10 1104093   211040933   教育系资料室/ [索取号:B848.4/2061] 在馆    
11 1104094   211040942   第一借阅区/ [索取号:B848.4/2061] 在馆    
12 1104095   211040951   第一借阅区/ [索取号:B848.4/2061] 在馆    
唐山师范学院图书馆 欢迎您!
大连网信软件有限公司© 版权所有